The goshawk (Record no. 82107)
[ view plain ]
| 000 -LEADER | |
|---|---|
| fixed length control field | 01141nam a2200301Ia 4500 |
| 082 04 - DEWEY DECIMAL CLASSIFICATION NUMBER | |
| Classification number | 598.944 |
| 100 1# - MAIN ENTRY--AUTHOR NAME | |
| Personal name | Kenward, Robert. |
| 245 14 - TITLE STATEMENT | |
| Title | The goshawk |
| 260 ## - PUBLICATION, DISTRIBUTION, ETC. (IMPRINT) | |
| Place of publication | London : |
| Name of publisher | T & AD Poyser, |
| Year of publication | 2010, c2006. |
| 300 ## - PHYSICAL DESCRIPTION | |
| Number of Pages | 360 p., [8] p. of plates : |
| Other physical details | ill., maps. |
| 650 #0 - SUBJECT ADDED ENTRY--TOPICAL TERM | |
| Topical Term | Goshawk. |
| Topical Term | Hawks. |
| 856 40 - ELECTRONIC LOCATION AND ACCESS | |
| Uniform Resource Identifier | http://site.ebrary.com/lib/rucke/Doc?id=10404987 |
No items available.
